000 02303cam a22006134i 4500
003 PE-LiUPU
005 20250731170431.0
008 150623s1990 sp a rb 000 0 spa d
020 _a8420665282
020 _a9788420665283
035 _a(Sirsi) i9788420665283
040 _aPE-LiUPU
_bspa
_cPE-LiUPU
_dPE-LiUPU
_erda
049 _aPRUA
082 0 4 _a153.7
_bD54
_221
100 1 _aDember, William Norton,
_d1928 -,
_eautor.
245 1 0 _aPsicología de la percepción /
_cWilliam Norton, Dember.
250 _a2a edición.
264 1 _aMadrid, España :
_bAlianza Editorial,
_c1990.
300 _a534 páginas :
_bilustraciones ;
_c23 centímetros.
336 _atext
_2rdacontent
337 _aunmediated
_2rdamedia
338 _avolume
_2rdacarrier
490 0 _aAlianza psicología
504 _aIncluye referencias bibliográficas.
505 0 _aPsicofísica básica -- Teoría y medida de la discriminación psicofísica -- Cuantificación de la magnitud perspectiva y de la información del estímulo -- Atención -- Estabilidad de la experiencia perspectiva -- Percepción de la forma -- Espacio, tiempo y movimiento -- Influencias cognitivas en la percepción -- Influencias de la motivación en la percepción -- Novedad y complejidad, factores determinantes de la preferencia y el sentimiento -- Desarrollo perceptivo.
526 _aSEG68
526 _aSEG70
526 _aSEG69
526 _aSEG67
526 _aSEG43
526 _aP144
526 _aP143
526 _aP131
526 _aP122
526 _aP120
526 _aP117
526 _aP112
526 _aP110
526 _aP106
526 _aP101
526 _aP80
526 _aP59
526 _aP54
526 _aP35
526 _aP33
526 _aP30
650 0 4 _aPercepción.
942 _2ddc
_cBOOK
949 _a153.7 D54
_wDEWEY
_c1
_i52140
_lCCODEBUL1
_mBUL
_r0
_sY
_tBOOK
_u2015-6-24
_xEDUCACION
_zUNKNOWN
_0COMPRA
_o.STAFF. Colección Ciencias de la Salud
994 _aC0
_bPEPRU
596 _a1
999 _a153.7 D54
_wDEWEY
_c33946
_i52140
_d33946
_f2021-11-3
_g5
_lCCODEBUL1
_mBUL
_p33.25
_q2
_r0
_sY
_tBOOK
_u2015-6-24
_xSALUD
_zUNKNOWN
_0COMPRA
_o.STAFF. Colección Ciencias de la Salud
980 _81
_gALBERTO SANCHEZ Responsable de Automatización